Statystyki dla Jaki to piłkarz? #1

Kliknij tutaj aby rozwiązać quiz!

Ogólne statystyki

  • Ten quiz został rozwiązany 3 469 razy
  • Średni wynik to 8 z 15

Statystyki odpowiedzi

WskazówkaOdpowiedź% Poprawnych
Strzelił najwięcej goli dla reprezentacji PolskiRobert Lewandowski
98%
Król strzelców Ligi Mistrzów w sezonie 17/18Cristiano Ronaldo
95%
Piłkarz pochodzi z Grecji. Występuje na pozycji środkowego obrońcy w ArsenaluSokratis Papastatopulos
80%
Bramkarz warszawskiej Legii , zagrał w 138 meczach dla owej drużyny.Arkadiusz Malarz
74%
Najwięcej wystepów dla reprezentacji PolskiJakub Błaszczykowski
69%
Uzyskał najwięcej czystych kont w lidze angielskiej w sezonie 2018/2019Alisson Becker
60%
Polak grający w lidze duńskiej na pozycji napastnika. Wyceniany na 1,25 mln euroKamil Wilczek
59%
Islandzki pomocnik grający na pozycji pomocnika w Evertonie. Największa gwiazda islandzkiej piłki.Gylfi Sigurdsson
58%
Norweski napastnik angielskiego BournemouthJoshua King
57%
Król strzelców EURO 2016.Antoine Griezmann
55%
Turecki piłkarz występujący na pozycji pomocnika/skrzydłowego we włoskim klubie AC MilanHakan Calhanoglu
51%
Młody polski środkowy obrońca ,który podpisał kontrakt z włoskim CagliariSebastian Walukiewicz
35%
Strzelił jedynego uznanego gola w finale Pucharu Polski w sezonie 2018/2019Artur Sobiech
28%
Polski piłkarz grający na pozycji pomocnik w rosyjskim Achmacie Grozny. Z czterema występami w reprezentacji PolskiDamian Szymański
15%
Piłkarz pochodzi z Czech. Występował w takich klubach jak Legia Warszawa, czy CSKA MoskwaTomas Necid
14%

Rozkład punktacji

Percentyl według liczby udzielonych odpowiedzi

Procent ludzi z każdym wynikiem

Twoja historia wyników

Nie rozwiązałeś tego quizu